World Map With Countries Replaced by States #2 - Statistics

General Stats
  • This quiz has been taken 2,390 times
  • The average score is 12 of 20
Answers on the Map
Answers color-coded by a green-red scale on the quiz's map according to % correct below.
 
Answer Stats
Answer % Correct
Colombia
91%
Namibia
87%
Syria
81%
Eritrea
76%
Ireland
75%
Mississippi
74%
Missouri
73%
Nevada
71%
Vermont
70%
Slovakia
68%
Ghana
65%
West Virginia
64%
Kentucky
60%
Taiwan
54%
New Jersey
53%
Pennsylvania
52%
Dominican Republic
31%
New York
31%
Hawaii
30%
Vanuatu
22%
No matching quizzes found
Score Distribution
Percent of People with Each Score
Percentile by Number Answered
Your Score History
You have not taken this quiz